| Tag |
First Indicator |
Second Indicator |
Subfields |
| LEADER |
00000pam a2200000 i 4500 |
| 001 |
in00000480621 |
| 005 |
20151013060337.0 |
| 008 |
750317s1975 ilu b 00010 eng |
| 010 |
|
|
|a 75008868
|
| 020 |
|
|
|a 0877570663
|
| 035 |
|
|
|a (OCoLC)01257120
|
| 035 |
|
|
|9 ACC7711AM
|
| 040 |
|
|
|a DLC
|c DLC
|d TXA
|d UtOrBLW
|
| 049 |
|
|
|a TXAM
|c 1 [1104694], 2 [1105895]
|
| 050 |
0 |
0 |
|a HF5415
|b .L545
|
| 082 |
0 |
|
|a 658.8
|
| 100 |
1 |
|
|a Locander, William B.
|
| 245 |
1 |
0 |
|a Problem definition in marketing /
|c edited by William B. Locander and A. Benton Cocanougher.
|
| 264 |
|
1 |
|a Chicago :
|b American Marketing Association,
|c [1975]
|
| 300 |
|
|
|a 11 pages ;
|c 23 cm.
|
| 336 |
|
|
|a text
|b txt
|2 rdacontent
|
| 337 |
|
|
|a unmediated
|b n
|2 rdamedia
|
| 338 |
|
|
|a volume
|b nc
|2 rdacarrier
|
| 490 |
1 |
|
|a Marketing research techniques series ;
|v 2
|
| 504 |
|
|
|a Bibliography: page 11.
|
| 650 |
|
0 |
|a Marketing.
|
| 700 |
1 |
|
|a Cocanougher, A. Benton.
|
| 830 |
|
0 |
|a Marketing research techniques series ;
|v 2.
|
| 999 |
|
|
|a MARS
|
| 999 |
f |
f |
|s 1b29247c-c579-3b4c-8645-e5ce4cf64704
|i 20ecccdb-70e2-3839-aeff-1aae3279f09b
|t 0
|
| 952 |
f |
f |
|p normal
|a Texas A&M University
|b College Station
|c Sterling C. Evans Library
|s Evans stk
|d Evans: Library Stacks
|t 0
|e HF5415 .L545
|h Library of Congress classification
|i unmediated -- volume
|m A14802788033
|
| 998 |
f |
f |
|a HF5415 .L545
|t 0
|l Evans: Library Stacks
|